000 00505nam a2200157 a 4500
001 000040168
005 20201002033947.0
008 130812s1985 cu 000 0 spa d
040 _aDO-SdBNP
_bspa
_cBNPHU
100 1 _aGómez García, Alí
_d1951-1985.
_966442
245 1 0 _aFalsas, malicias y escandalosas reflexiones de un ñángara /
_cAlí Gómez García.
260 _aLa Habana :
_bCasa de las Américas,
_c1985.
300 _a268 p. ;
_c20 cm.
490 1 _aTestimonio
830 0 _aTestimonio
_916115
999 _c39658
_d39658